Loading...
| Literature - World | 0 | 9 | 1 | 1 | 85 | 11 | 96.89 | 2 | 8 | 22.90 | 52.50 |
| Literature - British | 0 | 7 | 0 | 0 | 70 | 59 | 108.86 | 2 | 7 | 14.28 | 44.17 |
| Literature - European | 0 | 7 | 1 | 1 | 65 | 70 | 115.14 | 3 | 5 | 11.09 | 37.50 |
| Fine Arts - Classical Music | 0 | 6 | 1 | 0 | 55 | 107 | 114.17 | 2 | 6 | 4.31 | 32.50 |
| Philosophy | 0 | 5 | 0 | 0 | 50 | 98 | 108.40 | 0 | 4 | 4.78 | 17.50 |
| Fine Arts - Painting and Sculpture | 0 | 5 | 1 | 0 | 45 | 72 | 99.80 | 2 | 5 | 8.99 | 34.17 |
| Science - Chemistry | 0 | 5 | 1 | 1 | 45 | 95 | 106.80 | 1 | 2 | 2.19 | 18.33 |
| Literature - American | 0 | 5 | 1 | 0 | 45 | 36 | 94.20 | 2 | 4 | 14.54 | 25.83 |
| Social Science | 0 | 4 | 0 | 0 | 40 | 71 | 82.75 | 0 | 4 | 8.94 | 20.83 |
| Mythology | 0 | 3 | 0 | 0 | 30 | 84 | 93.33 | 3 | 3 | 6.85 | 23.33 |
| History - World | 0 | 3 | 0 | 1 | 30 | 12 | 86.67 | 1 | 3 | 9.12 | 21.67 |
| Fine Arts - Other | 0 | 3 | 0 | 0 | 30 | 44 | 87.67 | 1 | 3 | 8.36 | 18.33 |
| Science - Biology | 0 | 3 | 1 | 1 | 25 | 100 | 106.33 | 0 | 3 | 0.29 | 15.00 |
| Religion | 0 | 3 | 2 | 1 | 20 | 80 | 101.33 | 1 | 2 | 3.85 | 18.33 |
| Science - Physics | 0 | 3 | 2 | 2 | 20 | 100 | 107.67 | 1 | 1 | 1.15 | 11.67 |
| History - European | 0 | 2 | 1 | 2 | 15 | 126 | 130.50 | 0 | 1 | 0.00 | 5.00 |
| Popular Culture | 0 | 1 | 0 | 0 | 10 | 102 | 102.00 | 0 | 1 | 11.36 | 25.00 |
| History - Other | 0 | 2 | 2 | 0 | 10 | 58 | 82.50 | 1 | 1 | 5.53 | 10.00 |
| Geography | 0 | 1 | 0 | 0 | 10 | 63 | 63.00 | 1 | 1 | 12.30 | 20.00 |
| Science - Other | 0 | 1 | 2 | 0 | 0 | 92 | 92.00 | 0 | 1 | 1.61 | 5.00 |
| History - American | 0 | 1 | 2 | 0 | 0 | 106 | 106.00 | 0 | 1 | 1.27 | 4.17 |